000 00946nam a2200265 i 4500
001 bg
100 1 _aADAMOWSKI, Janusz
245 1 0 _aWybrane zagraniczne systemy informacji masowej.
_nCz. 1 /
_cJanusz Adamowski, Bartłomiej Golka, Ewa Stasiak-Jazukiewicz.
260 _aWarszawa :
_bELIPSA,
_c1996.
300 _a179 s. ;
_c20 cm.
650 9 _aŚrodki masowego przekazu
_xhistoria
_zStany Zjednoczone
_y20 w
650 9 _aŚrodki masowego przekazu
_xhistoria
_zAnglia
_y20 w
650 9 _aŚrodki masowego przekazu
_xhistoria
_zFrancja
_y20 w
650 9 _aŚrodki masowego przekazu
_xhistoria
_zNiemcy
_y20 w
650 9 _aŚrodki masowego przekazu
_xhistoria
_zRosja
_y20 w
700 1 _aGOLKA, Bartłomiej
_d(1934- )
700 1 _aSTASIAK-JAZUKIEWICZ, Ewa
020 _a8371511302
040 _cBPK
041 0 _apl
080 _a659.3/.4(73+4)"19"
920 _a83-7151-130-2
942 _cKS
008 s pl f |000 0 pol
999 _c33691
_d33691
856 _uhttp://koha.tu.koszalin.pl/cgi-bin/koha/opac-detail.pl?biblionumber=33691
_yKatalog online BPK